000 00601nam a2200217Ia 4500
003 OSt
005 20220928145107.0
006 a|||||r|||| 00| 0
007 ta
008 220927b |||||||| |||| 00| 0 eng d
024 _a78698
037 _cTextual
040 _aSDCL
_cSDCL
_beng
041 _2eng
_aeng
082 _aV2:1944974'N1, M1
100 _aDhanlaxmi Ravuri
_9511604
245 0 _aBritish attitude to Nepal's relations with Tibet and China (1814-1914).
260 _c1981
942 _hV2:1944974'N1, M1
_cTEXL
_2CC
999 _c831899
_d831899